000 00335nam a22001457a 4500
999 _c10924
_d10924
003 OSt
008 210814b ||||| |||| 00| 0 eng d
082 _a823.92
_bSAV
100 G _aSANGHI, Ashwin
245 _aVault of Vishnu
260 _aChennai
_bWestland Limited
_c2020
300 _a327
650 _aReligious
942 _2ddc
_cBK